| 000 | 00764nam a22002537a 4500 | ||
|---|---|---|---|
| 008 | 131029b xxu||||| |||| 00| 0 eng d | ||
| 020 | _a81-85626-00-6 | ||
| 024 | _cAvailable | ||
| 037 | _cAvailable | ||
| 040 |
_aMBSTU LIBRARY _dMBSTU LIBRARY |
||
| 082 |
_222 _a423.9144 BIS |
||
| 100 | _aBiswas, Sailendra. | ||
| 245 | _aSamsad English-Bengali dictionary. | ||
| 250 | _a5th | ||
| 260 |
_aCalcutta _bSahitya Samsad. _c2002 |
||
| 300 |
_a22 cm. _b1350 page _f3 _g22 cm. |
||
| 600 | _2 English-Bengali dictionary. | ||
| 650 | _2 English-Bengali dictionary. | ||
| 700 | _aBiswas, Sailendra. | ||
| 270 |
_aCalcutta _bCalcutta _dIndia |
||
| 365 |
_b228.00 _d228.00 |
||
| 942 |
_2ddc _cBK |
||
| 999 |
_c760 _d760 |
||